Languages de programmation par codes - Statistiques

Statistiques générales
  • Ce quiz a été pris 227 fois
  • Le résultat moyen est 7 sur 16
Statistiques - réponses
Par images Réponse % Correct
Python
92%
HTML
80%
C++
79%
C
77%
Java
69%
Bash
55%
Assembleur
44%
Ruby
42%
R
37%
Go
27%
Cobol
20%
Pascal
13%
Matlab
12%
Fortran 90
6%
Mathematica
3%
Scilab
3%
Aucun quiz correspondant
Distribution des résultats
% des personnes avec chaque résultat
Percentile par nombre de réponses
Votre historique - résultats
Vous n’avez pas pris ce quiz